Indonesia : images from the past
| Main Author: | |
|---|---|
| Format: | Book |
| Published: |
Singapore :
Times ,
1987
|
| Subjects: |
MARC
| LEADER | 00000cam a2200000 7i4500 | ||
|---|---|---|---|
| 001 | 0000002149 | ||
| 002 | 000002346 | ||
| 005 | 20000330.0 | ||
| 020 | |a 9971400065 | ||
| 090 | 0 | 0 | |a 959.80222 |b HAK |
| 100 | 1 | |a Haks, Leo | |
| 245 | 1 | 0 | |a Indonesia : |b images from the past |c Leo Haks and Paul Zach ; photographed by Jean Demmeni |
| 260 | |a Singapore : |b Times , |c 1987 | ||
| 300 | |a 120p | ||
| 651 | 0 | |a Indonesia |x History |y 20th century | |
| 999 | |a 028238 |b BUKU |c PINJAMAN |e PERPUSTAKAAN KOMUNITI PETALING JAYA | ||